000
00319nam a2200109Ia 4500
008
171211s9999 xx 000 0 und d
245
4
_a
The IBS Healing Plan: Natural Ways to Beat Your Symptoms
245
_c
Theresa Cheung
260
_c
2008
650
_x
FITNESS
856
_u
http://down.ebook777.com/062/0897935071.pdf
999
_c
349066
_d
349066